| 000 | 00974nam0a22002531 4500 | ||
|---|---|---|---|
| 001 | rc\2783393 | ||
| 005 | 20250529164237.0 | ||
| 035 | _a(NLR Aleph) 006909608 | ||
| 090 |
_a7333182 _c7333182 |
||
| 100 | _a20110915d1935 |||y0rusy50 ca | ||
| 101 | 0 | _arus | |
| 102 | _aRU | ||
| 105 | _aae z ||||| | ||
| 200 | 1 |
_aСельскохозяйственные машины и орудия _eПочвообрабатывающие, посевные и зерноочистительные _fПроф. Б. А. Криль |
|
| 210 |
_aМосква _cСельхозгиз _d1935 _g18 тип. треста "Полиграфкнига" |
||
| 215 |
_aПереплет, 192 с. _cил. _d23х15 см. |
||
| 320 | _aБиблиогр.: "Литература" (10 назв.) | ||
| 700 | 1 |
_aКриль _bБ.А. _f1881- _gБорис Александрович |
|
| 801 | 0 |
_aRU _bNLR _gpsbo |
|
| 801 | 1 |
_aRU _bELAR _2rusmarc |
|
| 852 |
_aNLR _j34-4/2753 |
||
| 942 | _cBOOK | ||
| 980 | _aNB | ||